000 00427nam a2200133Ia 4500
008 100328s9999 xx 000 0 und d
082 _b59867
100 _aकाकोडकर चंद्रकांत.
245 _aशूरा मी वंदिले.
260 _bमंगलदीप.
630 _aशूरा मी वंदिले.
730 _aशूरा मी वंदिले.
942 _cBOOK
999 _c546055
_d546052